[Event "Druga liga Srbije grupa Vojvodina 2015"]
[Site "Novi Sad"]
[Date "2015.11.12"]
[Round "3.1"]
[White "Rogac, Srdjan"]
[Black "Kazakov, Mikhail"]
[Result "1/2-1/2"]
[WhiteElo "2362"]
[BlackElo "2488"]
[PlyCount "150"]
[EventDate "2015.11.10"]

1. e4 d6 2. d4 Nf6 3. Nc3 g6 4. f4 Bg7 5. Nf3 O-O 6. Bd3 Na6 7. O-O c5 8. d5
Rb8 9. a4 Nb4 10. Bc4 e6 11. dxe6 Bxe6 12. Bxe6 fxe6 13. Qe2 d5 14. e5 Ne8 15.
Nd1 Nc7 16. Nf2 b6 17. Ra3 Nc6 18. Rd3 Qe8 19. g4 b5 20. axb5 Nb4 21. Ra3 Qxb5
22. Qd1 Qb7 23. c3 Nc6 24. g5 Rbd8 25. Ng4 d4 26. c4 Nb4 27. Nf6+ Kh8 28. Ne1
d3 29. Qf3 Qxf3 30. Nxf3 Bxf6 31. gxf6 Nca6 32. Bd2 Rb8 33. Bxb4 Nxb4 34. Rxa7
Nc6 35. Rc7 Rfc8 36. Rxc8+ Rxc8 37. Rd1 Nb4 38. Ng5 Re8 39. Ne4 Rc8 40. Ra1 h6
41. Kf2 g5 42. fxg5 hxg5 43. Nxg5 Nc6 44. Nf3 Rb8 45. b3 Kh7 46. Ra6 Nd8 47.
Rd6 Kg6 48. Ke3 Kf5 49. Rd7 Nc6 50. Rg7 Nxe5 51. Nxe5 Kxe5 52. f7 Rf8 53. Kxd3
Kf6 54. Rg8 Rxf7 55. Rc8 Rh7 56. Rxc5 Rh3+ 57. Kc2 e5 58. b4 Rxh2+ 59. Kd3 Rh3+
60. Ke4 Rh4+ 61. Kf3 Kf5 62. b5 Rh3+ 63. Kg2 Rb3 64. Rc6 Kg4 65. b6 Rb2+ 66.
Kf1 Kf3 67. Rf6+ Ke4 68. Rc6 Kf3 69. Rf6+ Ke4 70. Kg1 Kd4 71. Rc6 e4 72. c5 e3
73. Rc7 Rb1+ 74. Kg2 e2 75. Re7 Kxc5 1/2-1/2

[Event "Druga liga Srbije grupa Vojvodina 2015"]
[Site "Novi Sad"]
[Date "2015.11.12"]
[Round "3.1"]
[White "Ratkovic, Miloje"]
[Black "Grujic, Zoran"]
[Result "1/2-1/2"]
[WhiteElo "2388"]
[BlackElo "2323"]
[PlyCount "132"]
[EventDate "2015.11.10"]

1. d4 Nf6 2. Nf3 g6 3. Nbd2 d5 4. e3 Bg7 5. b4 O-O 6. Bb2 c6 7. c4 a5 8. b5
cxb5 9. cxb5 a4 10. Bd3 Qb6 11. Ba3 Re8 12. O-O Bf5 13. Bxf5 gxf5 14. Qc2 e6
15. Rfc1 Qxb5 16. Rab1 Qa6 17. Qc7 b5 18. h3 Ra7 19. Qf4 Rb7 20. Ne5 Nbd7 21.
Nd3 Ne4 22. Nxe4 fxe4 23. Nb4 Qb6 24. Nc6 Nf8 25. Bb4 Ng6 26. Qg3 h5 27. Qg5 h4
28. Qh5 Rc8 29. Ne7+ Nxe7 30. Bxe7 Rc4 31. Rxc4 dxc4 32. Qxh4 Qc6 33. Bc5 Qd5
34. a3 c3 35. Rc1 e5 36. Rxc3 Rc7 37. Qg4 Rc6 38. Rc1 exd4 39. exd4 Rg6 40. Qe2
f5 41. Qxb5 e3 42. f3 Kh7 43. Qe2 f4 44. Rd1 Bf6 45. Bb4 Bh4 46. g4 fxg3 47.
Qxe3 g2 48. Qe4 Qh5 49. Rc1 Bg3 50. h4 Qh6 51. Rb1 Bf4 52. Re1 Qxh4 53. Qe7+
Qxe7 54. Rxe7+ Kh6 55. Re1 Kh5 56. d5 Kh4 57. Re4 Kg3 58. d6 Kxf3 59. Rxf4+
Kxf4 60. d7 Rg8 61. Be7 Ke4 62. d8=Q Rxd8 63. Bxd8 Kd5 64. Kxg2 Kc6 65. Kf3 Kb7
66. Ke4 Ka8 1/2-1/2

[Event "Druga liga Srbije grupa Vojvodina 2015"]
[Site "Novi Sad"]
[Date "2015.11.12"]
[Round "3.1"]
[White "Krejic, Igor"]
[Black "Leskur, Dejan"]
[Result "1/2-1/2"]
[WhiteElo "2226"]
[BlackElo "2376"]
[PlyCount "58"]
[EventDate "2015.11.10"]

1. e4 g6 2. d4 Bg7 3. Nc3 d6 4. f4 Nf6 5. Nf3 O-O 6. Bd3 Na6 7. O-O c5 8. e5
Ng4 9. exd6 cxd4 10. dxe7 Qxe7 11. Re1 Qd8 12. Ne4 Nb4 13. h3 Ne3 14. Bxe3 dxe3
15. Qe2 Bxb2 16. Rad1 Bg7 17. Bc4 Qe7 18. a3 Qxe4 19. axb4 Qxf4 20. Bd5 Qxb4
21. Qxe3 h6 22. c4 a5 23. Ne5 Bxe5 24. Qxe5 Ra6 25. Rb1 Qd6 26. Qe3 h5 27. Rbd1
Qf6 28. Rf1 Qg7 29. Qe7 Be6 1/2-1/2

[Event "Druga liga Srbije grupa Vojvodina 2015"]
[Site "Novi Sad"]
[Date "2015.11.12"]
[Round "3.1"]
[White "Popov, Sinisa S"]
[Black "Djacanin, Goran"]
[Result "1-0"]
[WhiteElo "2443"]
[BlackElo "2178"]
[PlyCount "47"]
[EventDate "2015.11.10"]

1. d4 Nf6 2. Nf3 e6 3. c4 Nc6 4. Nc3 Bb4 5. e3 O-O 6. Qc2 d6 7. a3 Bxc3+ 8.
Qxc3 a5 9. b3 Ne4 10. Qc2 f5 11. Be2 d5 12. Bb2 Bd7 13. Ne5 Nxe5 14. dxe5 Bc6
15. O-O Qg5 16. Bd4 dxc4 17. f3 Rad8 18. Bxc4 Rxd4 19. exd4 Qe3+ 20. Kh1 Nd2
21. Bxe6+ Kh8 22. Rfd1 Nxf3 23. d5 Nd4 24. Qc5 1-0

[Event "Druga liga Srbije grupa Vojvodina 2015"]
[Site "Novi Sad"]
[Date "2015.11.12"]
[Round "3.1"]
[White "Cabarkapa, Velibor"]
[Black "Besedes, Danilo"]
[Result "1-0"]
[WhiteElo "2316"]
[BlackElo "2294"]
[PlyCount "51"]
[EventDate "2015.11.10"]

1. e4 e6 2. c3 d5 3. Bd3 c5 4. Nf3 Nc6 5. O-O Nge7 6. Re1 g6 7. Bc2 dxe4 8. Ng5
f5 9. Bb3 Nd5 10. d3 e3 11. Nh3 exf2+ 12. Kxf2 Be7 13. Nf4 Nxf4 14. Bxf4 Kf7
15. Qe2 Qd7 16. Qf3 Qe8 17. Nd2 Na5 18. Bc2 Qc6 19. Qe3 Re8 20. Nf3 Kg8 21. Ne5
Qb6 22. Qg3 Kg7 23. Qh3 g5 24. Qh5 Qd8 25. Qf7+ Kh8 26. Ng6+ 1-0

[Event "Druga liga Srbije grupa Vojvodina 2015"]
[Site "Novi Sad"]
[Date "2015.11.12"]
[Round "3.1"]
[White "Bodiroga, Predrag"]
[Black "Pavlik, Goran"]
[Result "1-0"]
[WhiteElo "2350"]
[BlackElo "2223"]
[PlyCount "205"]
[EventDate "2015.11.10"]

1. d4 Nf6 2. c4 g6 3. Nc3 d5 4. e3 Bg7 5. Qb3 e6 6. Qa3 b6 7. Nf3 Bb7 8. cxd5
exd5 9. Bb5+ c6 10. Be2 Nbd7 11. O-O c5 12. dxc5 bxc5 13. b4 O-O 14. bxc5 Ne4
15. Bb2 Qc7 16. Na4 Bxb2 17. Qxb2 Rab8 18. Qc2 Rfc8 19. Rab1 Bc6 20. Nc3 Rxb1
21. Rxb1 Nexc5 22. Qd1 Ne4 23. Nxe4 dxe4 24. Nd4 Bd5 25. Bg4 Rd8 26. Bxd7 Qxd7
27. a3 Qc7 28. Qd2 Rb8 29. Rxb8+ Qxb8 30. h3 Qb6 31. g4 Qc5 32. Qb2 h6 33. Qb8+
Kh7 34. Qb2 Bc4 35. Qc3 Qd5 36. Qb4 Kg7 37. Kg2 a6 38. Qc3 Kh7 39. Qb4 Kg7 40.
Qb6 Bb5 41. Qc7 Kh7 42. Qe7 Kg7 43. h4 Bd3 44. g5 hxg5 45. hxg5 Bb5 46. Kg3 Kg8
47. Qf6 Bd7 48. Kf4 a5 49. Qd8+ Kg7 50. Qe7 Kg8 51. Qd8+ Kh7 52. Qc7 Kg8 53.
Qb8+ Kh7 54. Qb3 Qd6+ 55. Kxe4 Qe7+ 56. Kd3 Kg7 57. f4 Qd6 58. Ke2 a4 59. Qc3
Kg8 60. Qa5 Kh7 61. Qc3 Qd5 62. Kf2 Qh1 63. Ke2 Qd5 64. Ke1 Bg4 65. Kd2 Qa2+
66. Kc1 Qf2 67. Qd2 Qf1+ 68. Kb2 Bd1 69. Kc3 Bg4 70. Qd3 Qe1+ 71. Qd2 Qa1+ 72.
Kb4 Bd7 73. Qc3 Qb1+ 74. Kc5 Qb8 75. Qb4 Qc7+ 76. Kd5 Qd8 77. Qd6 Qa8+ 78. Kc4
Qc8+ 79. Kb4 Qb7+ 80. Kc5 Qc8+ 81. Kb6 Qd8+ 82. Qc7 Qe8 83. Kc5 Qe7+ 84. Qd6
Qd8 85. Kb4 Qe8 86. e4 Qc8 87. e5 Qb7+ 88. Kc3 Kg8 89. Kc4 Qc8+ 90. Kb4 Qb7+
91. Kc5 Qc8+ 92. Kb6 Qd8+ 93. Qc7 Qe8 94. Nc6 Qe6 95. Qd6 Qb3+ 96. Kc7 Bxc6 97.
Kxc6 Qc4+ 98. Kd7 Qxf4 99. Ke8 Qf5 100. Qf8+ Kh7 101. Qxf7+ Kh8 102. Qxf5 gxf5
103. Kf7 1-0

[Event "Druga liga Srbije grupa Vojvodina 2015"]
[Site "Novi Sad"]
[Date "2015.11.12"]
[Round "3.2"]
[White "Petakov, Uros"]
[Black "Jacimovic, Dragoljub"]
[Result "1-0"]
[WhiteElo "2335"]
[BlackElo "2409"]
[PlyCount "61"]
[EventDate "2015.11.10"]

1. d4 Nf6 2. Nf3 g6 3. g3 Bg7 4. Bg2 O-O 5. O-O c6 6. c4 d6 7. Nc3 Qb6 8. Qb3
Qxb3 9. axb3 Na6 10. Bd2 d5 11. Ra5 Rd8 12. Rfa1 Bf5 13. c5 Ne4 14. Be1 e5 15.
Nxe4 dxe4 16. Nxe5 Bxe5 17. dxe5 Rd5 18. b4 Rad8 19. h3 Rxe5 20. Bc3 Ree8 21.
e3 h5 22. Bf1 Bc8 23. Kg2 Kf8 24. Bc4 Be6 25. Be2 Ke7 26. b5 Nxc5 27. Bb4 Kd6
28. Rd1+ Bd5 29. Bxc5+ Kxc5 30. bxc6+ b5 31. c7 1-0

[Event "Druga liga Srbije grupa Vojvodina 2015"]
[Site "Novi Sad"]
[Date "2015.11.12"]
[Round "3.2"]
[White "Dimitrijevic, Nenad"]
[Black "Kokeza, Mirko"]
[Result "1/2-1/2"]
[WhiteElo "2166"]
[BlackElo "2253"]
[PlyCount "21"]
[EventDate "2015.11.10"]

1. e4 g6 2. d4 Bg7 3. Nc3 c5 4. Nf3 cxd4 5. Nxd4 Nc6 6. Be3 Nf6 7. Be2 d6 8. h3
O-O 9. O-O Bd7 10. Qd2 Nxd4 11. Bxd4 1/2-1/2

[Event "Druga liga Srbije grupa Vojvodina 2015"]
[Site "Novi Sad"]
[Date "2015.11.12"]
[Round "3.2"]
[White "Majstorovic, Stanko"]
[Black "Radlovacki, Jovan"]
[Result "1-0"]
[WhiteElo "2218"]
[BlackElo "2381"]
[PlyCount "67"]
[EventDate "2015.11.10"]

1. e4 c6 2. Nc3 d5 3. d4 b5 4. a3 a6 5. Be3 e6 6. Nf3 Nd7 7. Be2 Bb7 8. O-O Qc7
9. Re1 dxe4 10. Nxe4 Ngf6 11. Nxf6+ Nxf6 12. c4 bxc4 13. Bxc4 Bd6 14. Bg5 Nd7
15. Rc1 Nb6 16. d5 O-O 17. dxe6 Nxc4 18. Rxc4 c5 19. e7 Rfe8 20. b4 h6 21. bxc5
Bxh2+ 22. Nxh2 hxg5 23. Qd6 Rac8 24. Rcc1 Qa5 25. Re3 Qb5 26. Nf3 Bxf3 27. gxf3
Rc6 28. Qd5 Qb7 29. Rd1 Qc8 30. Qd8 f6 31. Qd5+ Kh7 32. Qf7 Rxc5 33. Kg2 Rc4
34. Rd8 1-0

[Event "Druga liga Srbije grupa Vojvodina 2015"]
[Site "Novi Sad"]
[Date "2015.11.12"]
[Round "3.2"]
[White "Marinovic, Bozidar"]
[Black "Tomic, Vjekoslav"]
[Result "1-0"]
[WhiteElo "2391"]
[BlackElo "2232"]
[PlyCount "71"]
[EventDate "2015.11.10"]

1. e4 c5 2. Nf3 d6 3. d4 cxd4 4. Qxd4 Nc6 5. Bb5 Bd7 6. Bxc6 bxc6 7. c4 e5 8.
Qd3 h6 9. O-O Qc7 10. Nc3 Nf6 11. Rb1 Be7 12. Ne1 O-O 13. Nc2 Rfe8 14. Ne3 Be6
15. b4 a6 16. Bd2 Red8 17. Rfd1 Qb7 18. Be1 Rd7 19. a4 Rc8 20. b5 axb5 21. axb5
c5 22. f3 Ra8 23. Ra1 Qb8 24. Ncd5 Bd8 25. Nxf6+ Bxf6 26. Bc3 Bg5 27. Nd5 Rda7
28. Rxa7 Rxa7 29. Bd2 Bd8 30. f4 Qa8 31. fxe5 Ra3 32. Qf1 dxe5 33. Bc1 Bg4 34.
Bxa3 Bxd1 35. Qxd1 Qxa3 36. Qb1 1-0

[Event "Druga liga Srbije grupa Vojvodina 2015"]
[Site "Novi Sad"]
[Date "2015.11.12"]
[Round "3.2"]
[White "Curakovic, Dragan"]
[Black "Drazic, Sinisa"]
[Result "0-1"]
[WhiteElo "2113"]
[BlackElo "2426"]
[PlyCount "128"]
[EventDate "2015.11.10"]

1. e4 c5 2. Nf3 d6 3. d4 cxd4 4. Nxd4 Nf6 5. Nc3 a6 6. Be2 e5 7. Nb3 Be6 8. O-O
Be7 9. Be3 O-O 10. f4 Qc7 11. f5 Bc4 12. Bxc4 Qxc4 13. Qd3 Rc8 14. Bg5 Nbd7 15.
Rac1 b5 16. a3 h6 17. Bh4 Rab8 18. Rfd1 b4 19. Qxc4 Rxc4 20. axb4 Rbxb4 21. Ra1
Rb6 22. Ra2 g6 23. fxg6 fxg6 24. Re1 Kf7 25. Bf2 Rbc6 26. Na5 Rxc3 27. bxc3
Rxc3 28. Nb3 Rc6 29. h3 Ke6 30. Nd2 Bd8 31. c4 Bb6 32. Bxb6 Rxb6 33. g4 Nc5 34.
Re3 Rb8 35. Kg2 a5 36. Kf3 a4 37. Rea3 Rb4 38. Ke3 Nfd7 39. Rc3 Nf6 40. Rcc2
Rb8 41. Rcb2 Rf8 42. Rb5 Nfd7 43. Rb1 Ra8 44. Kf3 Nd3 45. Kg3 N7c5 46. h4 Rf8
47. Rba1 Rf2 48. Kh3 Nf4+ 49. Kg3 Rxd2 50. Rxd2 Nxe4+ 51. Kh2 Nxd2 52. Rxa4 e4
53. Kg3 Nd3 54. Kg2 e3 55. Ra8 Kf7 56. Ra7+ Kf6 57. g5+ hxg5 58. hxg5+ Kxg5 59.
Re7 Kf4 60. Re6 g5 61. Re8 g4 62. Re6 Ne4 63. Kf1 Kf3 64. Rf6+ Nf4 0-1

[Event "Druga liga Srbije grupa Vojvodina 2015"]
[Site "Novi Sad"]
[Date "2015.11.12"]
[Round "3.2"]
[White "Jovic, Stevan"]
[Black "Mehandzic, Georgije"]
[Result "1/2-1/2"]
[WhiteElo "2156"]
[BlackElo "2100"]
[PlyCount "102"]
[EventDate "2015.11.10"]

1. d4 Nf6 2. c4 g6 3. Nc3 Bg7 4. e4 d6 5. Be2 O-O 6. Nf3 Nc6 7. O-O Bg4 8. d5
Nb8 9. h3 Bd7 10. Be3 b6 11. Nd4 c5 12. Nc2 Ne8 13. Qd2 e5 14. dxe6 fxe6 15. f4
a6 16. Rad1 Ra7 17. b4 Qf6 18. e5 dxe5 19. Ne4 Qh4 20. bxc5 Bc6 21. cxb6 Rd7
22. Qb4 Rxd1 23. Bxd1 Bxe4 24. c5 Bc6 25. Bg4 Qf6 26. Rf2 Qe7 27. fxe5 Rxf2 28.
Bxf2 Bxe5 29. Qe1 Qf6 30. Nb4 Bb7 31. Nd3 h5 32. Nxe5 hxg4 33. Nxg4 Qe7 34. Qb1
Qg5 35. Be3 Qh5 36. Qd3 Kf7 37. Bd4 Nd7 38. c6 Bxc6 39. Qxa6 Qd5 40. Qf1+ Ke7
41. Qf2 e5 42. Be3 Kd8 43. Qc2 Kc8 44. a4 Kb7 45. a5 Qxa5 46. Qxg6 Qe1+ 47. Kh2
Qe2 48. Bf2 Nef6 49. Nxf6 Qxf2 50. Nxd7 Qf4+ 51. Kh1 Qf1+ 1/2-1/2

[Event "Druga liga Srbije grupa Vojvodina 2015"]
[Site "Novi Sad"]
[Date "2015.11.12"]
[Round "3.3"]
[White "Ivic, Velimir"]
[Black "Almasi, Istvan"]
[Result "0-1"]
[WhiteElo "2268"]
[BlackElo "2433"]
[PlyCount "60"]
[EventDate "2015.11.10"]

1. e4 g6 2. d4 Bg7 3. Nc3 d6 4. f4 Nc6 5. d5 Nb8 6. Be3 c5 7. dxc6 Nxc6 8. Nge2
Nf6 9. h3 O-O 10. g4 Na5 11. Ng3 Be6 12. f5 Bc4 13. Bg2 Re8 14. g5 Nd7 15. h4
Qc7 16. Rh3 Be5 17. Kf2 e6 18. f6 d5 19. h5 d4 20. Bxd4 Rad8 21. hxg6 Nxf6 22.
Bxe5 Qxe5 23. Qc1 Ng4+ 24. Kf3 f5 25. gxf6 Nxf6 26. gxh7+ Nxh7 27. Kg4 Nf6+ 28.
Kf3 Rf8 29. Kf2 Qc5+ 30. Ke1 Ng4 0-1

[Event "Druga liga Srbije grupa Vojvodina 2015"]
[Site "Novi Sad"]
[Date "2015.11.12"]
[Round "3.3"]
[White "Tancik, Kristijan"]
[Black "Azaric, Slavko"]
[Result "1-0"]
[WhiteElo "2272"]
[BlackElo "2336"]
[PlyCount "77"]
[EventDate "2015.11.10"]

1. d4 d6 2. e4 Nf6 3. Nc3 e5 4. Nf3 Nbd7 5. Bc4 Be7 6. a4 O-O 7. O-O h6 8. h3
c6 9. Re1 Qc7 10. a5 b5 11. axb6 Nxb6 12. Bf1 Be6 13. b3 Nh7 14. Bb2 Ng5 15.
Nxg5 Bxg5 16. Na4 Rfd8 17. Qf3 exd4 18. Bxd4 c5 19. Bb2 Nd7 20. Qg3 c4 21. f4
d5 22. e5 Be7 23. Qf3 Bf5 24. Qxd5 Nb6 25. Qa5 cxb3 26. cxb3 Qc2 27. Qc3 Nd5
28. Qf3 Bh7 29. Rac1 Qf5 30. g3 g5 31. Bc4 Qxh3 32. Bxd5 Rxd5 33. Qxd5 Qxg3+
34. Qg2 gxf4 35. Qxg3+ fxg3 36. Rc7 Bd8 37. Rb7 Bf5 38. Rf1 Be6 39. Rf3 1-0

[Event "Druga liga Srbije grupa Vojvodina 2015"]
[Site "Novi Sad"]
[Date "2015.11.12"]
[Round "3.3"]
[White "Sekulic, Dusan"]
[Black "Bulajic, Ratko"]
[Result "0-1"]
[WhiteElo "2259"]
[BlackElo "2325"]
[PlyCount "82"]
[EventDate "2015.11.10"]

1. d4 Nf6 2. c4 g6 3. Nf3 Bg7 4. g3 O-O 5. Bg2 d6 6. Nc3 Nbd7 7. O-O e5 8. Qc2
c6 9. Rd1 Qe7 10. e4 exd4 11. Nxd4 Re8 12. h3 a6 13. Be3 Ne5 14. b3 c5 15. Nde2
Be6 16. f4 Nc6 17. Rac1 Nh5 18. g4 Nf6 19. Bf2 Bxg4 20. hxg4 Nxg4 21. Nd5 Qd8
22. Bf3 Nxf2 23. Kxf2 b5 24. Kg2 Rb8 25. Qd3 Re6 26. cxb5 axb5 27. Bg4 Re8 28.
Ndc3 Nd4 29. Nxd4 cxd4 30. Nxb5 Qh4 31. Bf3 Qxf4 32. Nxd4 d5 33. Ne2 Qg5+ 34.
Kf1 Rbd8 35. Qb5 Qf6 36. Kg1 Qxf3 37. Rxd5 Qxe4 38. Rxd8 Rxd8 39. Qc4 Qe3+ 40.
Kg2 Rd2 41. Rc2 Qg5+ 0-1

[Event "Druga liga Srbije grupa Vojvodina 2015"]
[Site "Novi Sad"]
[Date "2015.11.12"]
[Round "3.3"]
[White "Dekic, Josip"]
[Black "Mastrapovic, Vladimir"]
[Result "1/2-1/2"]
[WhiteElo "2270"]
[BlackElo "2288"]
[PlyCount "43"]
[EventDate "2015.11.10"]

1. e4 c5 2. Nf3 Nc6 3. d4 cxd4 4. Nxd4 Nf6 5. Nc3 e5 6. Ndb5 d6 7. Bg5 a6 8.
Na3 b5 9. Bxf6 gxf6 10. Nd5 f5 11. Bd3 Be6 12. c3 Bxd5 13. exd5 Ne7 14. Nxb5
Bg7 15. Na3 O-O 16. Nc4 Qc7 17. Be2 Rab8 18. O-O Rb5 19. Qc2 e4 20. Ne3 Rc5 21.
g3 Rb8 22. Rab1 1/2-1/2

[Event "Druga liga Srbije grupa Vojvodina 2015"]
[Site "Novi Sad"]
[Date "2015.11.12"]
[Round "3.3"]
[White "Jovanovic, Miroslav T"]
[Black "Tokovic, Svetozar"]
[Result "0-1"]
[WhiteElo "1938"]
[BlackElo "2254"]
[PlyCount "92"]
[EventDate "2015.11.10"]

1. e4 c5 2. a3 e6 3. b4 b6 4. Bb2 Bb7 5. d3 cxb4 6. axb4 Bxb4+ 7. Nd2 Nf6 8. e5
Nd5 9. c4 Ne7 10. Ba3 Bxa3 11. Rxa3 d6 12. exd6 Qxd6 13. Rb3 Nd7 14. Ngf3 Nc5
15. Rc3 Nf5 16. Be2 O-O 17. O-O e5 18. Qb1 Ne6 19. c5 Nxc5 20. Nc4 Qd5 21. Ne3
Nxe3 22. fxe3 Ne6 23. Ne1 Qa5 24. Rc2 Rfc8 25. Rb2 Qc5 26. Nc2 Nf4 27. Rf2
Nxe2+ 28. Rxe2 Ba6 29. d4 Qe7 30. Rd2 exd4 31. exd4 Qg5 32. Nb4 Qe3+ 33. Kh1
Bb7 34. h3 Qxh3+ 35. Kg1 Qe3+ 36. Kh1 Be4 37. Qd1 Rc7 38. d5 Rac8 39. Nc6 Qh6+
40. Kg1 Qd6 41. Qb3 Bxd5 42. Rxd5 Qxc6 43. Rf5 Qc1+ 44. Rf1 Qc5+ 45. Rff2 Qd4
46. g3 Qc3 0-1

[Event "Druga liga Srbije grupa Vojvodina 2015"]
[Site "Novi Sad"]
[Date "2015.11.12"]
[Round "3.3"]
[White "Roganovic, Nebojsa"]
[Black "Stankovic, Milos M"]
[Result "0-1"]
[WhiteElo "2208"]
[BlackElo "1823"]
[PlyCount "124"]
[EventDate "2015.11.10"]

1. e4 e5 2. Nf3 Nc6 3. Bc4 Nf6 4. d3 Bc5 5. O-O h6 6. Bb3 d6 7. c3 O-O 8. h3 a6
9. Bc2 Kh8 10. Qe2 Qe7 11. Rd1 Bd7 12. d4 Bb6 13. d5 Nd8 14. Nbd2 Nh7 15. Nc4
Ba7 16. Ne3 Bxe3 17. Qxe3 g5 18. g4 Nf6 19. Nh2 Rg8 20. c4 b6 21. b4 Nb7 22.
Bb2 Rg7 23. f3 Rag8 24. Kg2 Nh7 25. Nf1 Nf8 26. Ng3 Ng6 27. Nh5 Nf4+ 28. Nxf4
gxf4 29. Qf2 f6 30. Bd3 Ra8 31. Rdc1 a5 32. a3 Rgg8 33. Bc3 Rgb8 34. Kf1 Kg7
35. Ke2 Kf7 36. h4 Rg8 37. Rg1 Rg7 38. Rg2 Qd8 39. Qg1 Qe7 40. Qh2 Ra7 41. Kd2
Ba4 42. g5 fxg5 43. hxg5 Rxg5 44. Rxg5 Qxg5 45. Rg1 Qf6 46. Qh5+ Ke7 47. Rg6
Be8 48. Rxf6 Bxh5 49. Re6+ Kd8 50. Be2 axb4 51. axb4 Ra2+ 52. Kd3 Be8 53. Bd1
Rh2 54. Be1 Bf7 55. Ba4 Bxe6 56. dxe6 Ke7 57. Bd7 Nd8 58. c5 Nxe6 59. Bxe6 Kxe6
60. cxb6 cxb6 61. Kc4 Kd7 62. Kb5 Kc7 0-1

[Event "Druga liga Srbije grupa Vojvodina 2015"]
[Site "Novi Sad"]
[Date "2015.11.12"]
[Round "3.4"]
[White "Parezanin, Darko"]
[Black "Indjic, Dusan"]
[Result "0-1"]
[WhiteElo "2290"]
[BlackElo "2281"]
[PlyCount "52"]
[EventDate "2015.11.10"]

1. c4 g6 2. Nc3 Bg7 3. g3 e5 4. Bg2 Nc6 5. e3 d6 6. Nge2 Be6 7. d3 Qd7 8. Nd5
Nd8 9. h3 c6 10. Ndc3 Ne7 11. b4 O-O 12. Rb1 d5 13. cxd5 cxd5 14. d4 Bf5 15.
Rb3 Ndc6 16. g4 Be6 17. b5 Na5 18. Rb1 Rac8 19. Na4 b6 20. dxe5 Bxe5 21. O-O
Bb8 22. Qd4 Nc4 23. Rd1 Be5 24. Qd3 h5 25. Nd4 Bxd4 26. Qxd4 hxg4 0-1

[Event "Druga liga Srbije grupa Vojvodina 2015"]
[Site "Novi Sad"]
[Date "2015.11.12"]
[Round "3.4"]
[White "Stamenkovic, Aleksandar"]
[Black "Banovic, Ivan"]
[Result "1/2-1/2"]
[WhiteElo "2258"]
[BlackElo "2185"]
[PlyCount "51"]
[EventDate "2015.11.10"]

1. d4 Nf6 2. Nf3 g6 3. c4 Bg7 4. Nc3 O-O 5. e4 d6 6. Be2 e5 7. dxe5 dxe5 8.
Qxd8 Rxd8 9. Bg5 c6 10. Nxe5 Re8 11. O-O-O Na6 12. f4 h6 13. Bh4 g5 14. Bg3 Nc5
15. Bf3 g4 16. Bf2 gxf3 17. Bxc5 fxg2 18. Rhg1 Nh5 19. Be3 Bh3 20. Rd3 Rad8 21.
Kd2 Nxf4 22. Bxf4 Bxe5 23. Bxe5 Rxd3+ 24. Kxd3 Rxe5 25. Ne2 Rg5 26. Nf4 1/2-1/2

[Event "Druga liga Srbije grupa Vojvodina 2015"]
[Site "Novi Sad"]
[Date "2015.11.12"]
[Round "3.4"]
[White "Remecki, Sinisa"]
[Black "Stanojevic, Branko"]
[Result "1/2-1/2"]
[WhiteElo "2206"]
[BlackElo "2229"]
[PlyCount "63"]
[EventDate "2015.11.10"]

1. e4 c5 2. Nf3 e6 3. b3 Nc6 4. Bb2 d6 5. Bb5 Bd7 6. O-O Nge7 7. Re1 Ng6 8. d4
cxd4 9. Nxd4 Be7 10. Nxc6 bxc6 11. Bf1 O-O 12. c4 Qc7 13. Nc3 e5 14. Qd2 Nf4
15. Ne2 Ne6 16. Rad1 Rfd8 17. f4 c5 18. f5 Bg5 19. Qd3 Nd4 20. Qg3 Bf6 21. Nxd4
exd4 22. Bd3 Re8 23. Bc1 Be5 24. Bf4 Qd8 25. Bxe5 Rxe5 26. Re2 a5 27. Qf2 a4
28. b4 Bc6 29. b5 Bb7 30. a3 Qe7 31. Rde1 Re8 32. Qf4 1/2-1/2

[Event "Druga liga Srbije grupa Vojvodina 2015"]
[Site "Novi Sad"]
[Date "2015.11.12"]
[Round "3.4"]
[White "Kovacevic, Dragan"]
[Black "Popov, Sinisa Dj"]
[Result "1/2-1/2"]
[WhiteElo "2265"]
[BlackElo "2130"]
[PlyCount "43"]
[EventDate "2015.11.10"]

1. e4 c5 2. Nf3 Nf6 3. d3 Nc6 4. Be2 d5 5. Nbd2 Bg4 6. O-O e6 7. c3 Be7 8. Qc2
O-O 9. Re1 Rc8 10. a3 b5 11. Nf1 dxe4 12. dxe4 c4 13. Be3 Nd7 14. Rad1 Qc7 15.
Nd4 Bxe2 16. Rxe2 a6 17. a4 Nxd4 18. Bxd4 Bc5 19. axb5 axb5 20. h3 Rfd8 21.
Red2 Bxd4 22. Rxd4 1/2-1/2

[Event "Druga liga Srbije grupa Vojvodina 2015"]
[Site "Novi Sad"]
[Date "2015.11.12"]
[Round "3.4"]
[White "Topalov, Aleksandar"]
[Black "Kovacevic, Djordje"]
[Result "1-0"]
[WhiteElo "2251"]
[BlackElo "2089"]
[PlyCount "99"]
[EventDate "2015.11.10"]

1. b3 c5 2. Bb2 Nc6 3. Nf3 d5 4. e3 Nf6 5. Bb5 Bg4 6. h3 Bxf3 7. Qxf3 a6 8.
Bxc6+ bxc6 9. O-O e6 10. d3 Be7 11. Nd2 O-O 12. e4 a5 13. a4 Nd7 14. Qg3 Bf6
15. e5 Bh4 16. Qe3 Bg5 17. f4 Bh6 18. Rae1 Qb6 19. Kh1 g6 20. g4 Qb4 21. g5 Bg7
22. Qe2 Qb7 23. Ba3 Rfe8 24. Qf2 Bf8 25. h4 Qa7 26. Kg2 Nb8 27. h5 Na6 28. Rh1
Nb4 29. Bxb4 cxb4 30. Qh4 Bc5 31. Nf3 Kf8 32. hxg6 hxg6 33. Qh8+ Ke7 34. Qf6+
Kd7 35. Rh7 Re7 36. Rxf7 Rxf7 37. Qxf7+ Be7 38. Qxg6 Rf8 39. Kg3 Qc5 40. Re2
Qc3 41. d4 c5 42. dxc5 Qxc5 43. Qd3 Rh8 44. Nd4 Rb8 45. Rh2 Qc8 46. Rh6 Rb6 47.
Kg4 Qc3 48. Qxc3 bxc3 49. g6 Rb8 50. g7 1-0

[Event "Druga liga Srbije grupa Vojvodina 2015"]
[Site "Novi Sad"]
[Date "2015.11.12"]
[Round "3.4"]
[White "Skoko, Milan"]
[Black "Torbica, Milos"]
[Result "1/2-1/2"]
[WhiteElo "2169"]
[BlackElo "2262"]
[PlyCount "74"]
[EventDate "2015.11.10"]

1. e4 e6 2. d4 d5 3. Nd2 dxe4 4. Nxe4 Nd7 5. Nf3 Ngf6 6. Bg5 Be7 7. Nxf6+ Nxf6
8. Bd3 O-O 9. Qe2 Rb8 10. c3 b6 11. O-O Bb7 12. Bxf6 Bxf6 13. Be4 Bd5 14. Rfe1
Qd6 15. Rad1 Rfd8 16. a3 Rbc8 17. Bxd5 Qxd5 18. Nd2 g6 19. Nc4 Qf5 20. Ne3 Qa5
21. Ng4 Bg7 22. Ne5 Qd5 23. g3 h5 24. h4 c5 25. dxc5 Qxc5 26. Rxd8+ Rxd8 27.
Nxf7 Kxf7 28. Qxe6+ Kf8 29. Re4 Bxc3 30. Rf4+ Kg7 31. bxc3 Rf8 32. Qd7+ Kg8 33.
Qe6+ Kg7 34. Rd4 Qxc3 35. Qe5+ Kg8 36. Qe6+ Kh8 37. Qe5+ Kg8 1/2-1/2

[Event "Druga liga Srbije grupa Vojvodina 2015"]
[Site "Novi Sad"]
[Date "2015.11.12"]
[Round "3.5"]
[White "Milanovic, Stanko"]
[Black "Varga, Zoltan"]
[Result "0-1"]
[WhiteElo "2178"]
[BlackElo "2447"]
[PlyCount "92"]
[EventDate "2015.11.10"]

1. e4 Nf6 2. Bc4 Nxe4 3. Bxf7+ Kxf7 4. Qh5+ g6 5. Qd5+ e6 6. Qxe4 Bg7 7. Nf3
Rf8 8. d4 Kg8 9. Bg5 d5 10. Qd3 Qd6 11. Nc3 c5 12. O-O-O cxd4 13. Nxd4 Nc6 14.
Nxc6 bxc6 15. a3 Rb8 16. h4 Rxf2 17. Rdf1 Rxf1+ 18. Rxf1 c5 19. Qf3 Rb7 20. g4
Qe5 21. Bd2 Rd7 22. h5 Ba6 23. Rf2 g5 24. h6 Bxh6 25. Qh3 Bf8 26. Qh5 Qg7 27.
Bxg5 Rf7 28. Bh4 Qh6+ 29. Kd1 Qxh5 30. gxh5 Rxf2 31. Bxf2 Kg7 32. Na4 d4 33. b4
cxb4 34. Bxd4+ Kh6 35. axb4 Bxb4 36. Bxa7 Kxh5 37. Nc5 Bc4 38. Ne4 Kg4 39. Nf6+
Kf5 40. Nh5 Kg5 41. Ng3 h5 42. Bb8 Bd5 43. Ke2 h4 44. Nf1 Be4 45. c4 Bc5 46.
Nd2 Bb7 0-1

[Event "Druga liga Srbije grupa Vojvodina 2015"]
[Site "Novi Sad"]
[Date "2015.11.12"]
[Round "3.5"]
[White "Jesenski, Tibor"]
[Black "Vasic, Lazar"]
[Result "1-0"]
[WhiteElo "2341"]
[BlackElo "2059"]
[PlyCount "96"]
[EventDate "2015.11.10"]

1. d4 Nf6 2. Nf3 d5 3. c4 e6 4. Nc3 Be7 5. g3 O-O 6. Bg2 Nbd7 7. O-O b6 8. cxd5
exd5 9. Bf4 a6 10. Rc1 Bb7 11. Ne5 b5 12. Nxd7 Qxd7 13. Bxc7 b4 14. Na4 Bc6 15.
Nb6 Qxc7 16. Nxd5 Nxd5 17. Bxd5 Qa5 18. Bxc6 Rad8 19. Ba4 f5 20. e3 Rf6 21.
Bb3+ Kh8 22. Qc2 Bd6 23. f4 Re8 24. Qc6 Qd8 25. Qb7 h6 26. Rc2 Kh7 27. Kf2 Re7
28. Qc8 Qa5 29. h4 h5 30. Rfc1 Qb5 31. Bg8+ Kh6 32. Bc4 Qe8 33. Qxe8 Rxe8 34.
Bxa6 Bxf4 35. exf4 Rxa6 36. Rc6+ Re6 37. Rxe6+ Rxe6 38. Rc4 Ra6 39. Rxb4 Rxa2
40. Rb6+ Kh7 41. Ke3 Kg8 42. d5 Kf7 43. Kd4 g6 44. Ke5 Ra7 45. Kd6 Ra1 46. Kc7
Ra7+ 47. Rb7 Ra6 48. d6 Ra8 1-0